[Event "3eme tournoi de MI de JUVISY"]
[Site "Juvisy/Orge, France"]
[Date "2019.07.01"]
[Round "3.3"]
[White "HARUTYUNYAN, Ruben"]
[Black "BON, Michael"]
[Result "0-1"]
[WhiteElo "2316"]
[BlackElo "2400"]
[PlyCount "56"]
[EventDate "2019.??.??"]
[TimeControl "6600+2225"]
[WhiteClock "0:01:47"]
[BlackClock "0:29:53"]

1. e4 {[%emt 1:01:09]} c5 {[%emt 0:00:09]} 2. Nf3 {[%emt 0:00:04]} a6 {[%emt 0:
00:08]} 3. c4 {[%emt 0:00:07]} e6 {[%emt 0:00:22]} 4. Nc3 {[%emt 0:00:12]} d6 {
[%emt 0:00:44]} 5. d4 {[%emt 0:00:06]} cxd4 {[%emt 0:00:05]} 6. Nxd4 {[%emt 0:
00:03]} Nf6 {[%emt 0:00:16]} 7. Be2 {[%emt 0:00:04]} Be7 {[%emt 0:02:20]} 8.
O-O {[%emt 0:00:09]} Nc6 {[%emt 0:01:21]} 9. Be3 {[%emt 0:14:39]} O-O {[%emt 0:
01:38]} 10. f4 {[%emt 0:03:29]} Bd7 {[%emt 0:06:56]} 11. Nc2 {[%emt 0:01:05]}
Rc8 {[%emt 0:14:05]} 12. Bd3 {[%emt 0:37:31]} Na5 {[%emt 0:28:17]} 13. e5 {
[%emt 0:25:10]} Ne8 {[%emt 0:00:38]} 14. Qh5 {[%emt 0:01:52]} f5 {[%emt 0:02:
35]} 15. exf6 {[%emt 0:07:07]} Nxf6 {[%emt 0:00:10]} 16. Qe2 {[%emt 0:04:55]}
Qc7 {[%emt 0:03:16]} 17. g4 {[%emt 0:01:22]} Nxc4 {[%emt 0:06:44]} 18. g5 {
[%emt 0:00:03]} Nxb2 {[%emt 0:00:57]} 19. Bd4 {[%emt 0:07:25]} Nxd3 {[%emt 0:
01:08]} 20. Qxd3 {[%emt 0:01:02]} Nh5 {[%emt 0:02:38]} 21. Qe3 {[%emt 0:03:29]}
Qa5 {[%emt 0:02:46]} 22. h4 {[%emt 0:00:59]} Qf5 {[%emt 0:00:45]} 23. Ne1 {
[%emt 0:00:31]} Nxf4 {[%emt 0:02:26]} 24. Ng2 {[%emt 0:00:06]} Nxg2 {[%emt 0:
00:30]} 25. Kxg2 {[%emt 0:00:55]} Qg4+ {[%emt 0:00:28]} 26. Kh2 {[%emt 0:00:06]
} Qxh4+ {[%emt 0:00:11]} 27. Kg1 {[%emt 0:00:04]} Qg4+ {[%emt 0:02:14]} 28. Kh2
{[%emt 0:00:05]} Bc6 {[%emt 0:00:51]} 0-1

[Event "3eme tournoi de MI de JUVISY"]
[Site "Juvisy/Orge, France"]
[Date "2019.07.01"]
[Round "3.4"]
[White "MOUHAMAD, Joachim"]
[Black "DELORME, Alban"]
[Result "1/2-1/2"]
[WhiteElo "2302"]
[BlackElo "2327"]
[PlyCount "142"]
[EventDate "2019.??.??"]
[TimeControl "6600+1110"]
[WhiteClock "0:04:04"]
[BlackClock "0:54:31"]

1. e4 {[%emt 0:00:03]} c5 {[%emt 0:00:44]} 2. Nf3 {[%emt 0:00:14]} Nc6 {
[%emt 0:00:28]} 3. d4 {[%emt 0:00:08]} cxd4 {[%emt 0:00:12]} 4. Nxd4 {[%emt 0:
00:03]} Nf6 {[%emt 0:00:36]} 5. Nc3 {[%emt 0:00:07]} e6 {[%emt 0:00:30]} 6.
Ndb5 {[%emt 0:13:30]} Bb4 {[%emt 0:01:25]} 7. Nd6+ {[%emt 0:01:40]} Ke7 {
[%emt 0:00:10]} 8. Nxc8+ {[%emt 0:00:15]} Rxc8 {[%emt 0:00:11]} 9. Bd3 {
[%emt 0:00:47]} d5 {[%emt 0:03:59]} 10. exd5 {[%emt 0:01:40]} Qxd5 {[%emt 0:01:
36]} 11. O-O {[%emt 0:00:24]} Bxc3 {[%emt 0:00:33]} 12. bxc3 {[%emt 0:00:08]}
Rhd8 {[%emt 0:00:49]} 13. c4 {[%emt 0:13:43]} Qh5 {[%emt 0:05:53]} 14. Rb1 {
[%emt 0:02:39]} Rd7 {[%emt 0:03:28]} 15. Ba3+ {[%emt 0:03:45]} Ke8 {[%emt 0:00:
21]} 16. Qe1 {[%emt 0:18:59]} Qe5 {[%emt 0:05:25]} 17. Qd1 {[%emt 0:15:46]} Qh5
{[%emt 0:02:18]} 18. Qd2 {[%emt 0:02:45]} Qa5 {[%emt 0:11:22]} 19. Qc1 {
[%emt 0:00:02]} Ne5 {[%emt 0:03:06]} 20. Rb5 {[%emt 0:04:22]} Qc7 {[%emt 0:03:
47]} 21. Qg5 {[%emt 0:04:29]} Ng6 {[%emt 0:03:37]} 22. Rfb1 {[%emt 0:11:38]} h6
{[%emt 0:04:04]} 23. Qe3 {[%emt 0:07:03]} Ng4 {[%emt 0:01:04]} 24. Qh3 {
[%emt 0:03:12]} Qf4 {[%emt 0:02:12]} 25. Qg3 {[%emt 0:04:24]} Qxg3 {[%emt 0:00:
51]} 26. hxg3 {[%emt 0:00:05]} Rcc7 {[%emt 0:01:28]} 27. Be4 {[%emt 0:00:43]}
N6e5 {[%emt 0:02:18]} 28. Rxb7 {[%emt 0:00:43]} Rxc4 {[%emt 0:02:23]} 29. Rb8+
{[%emt 0:00:59]} Rd8 {[%emt 0:00:01]} 30. Rxd8+ {[%emt 0:00:40]} Kxd8 {[%emt 0:
00:02]} 31. f3 {[%emt 0:00:36]} f5 {[%emt 0:04:28]} 32. Bd3 {[%emt 0:00:34]}
Nxd3 {[%emt 0:01:06]} 33. cxd3 {[%emt 0:00:02]} Ra4 {[%emt 0:00:09]} 34. Bf8 {
[%emt 0:00:42]} Ne5 {[%emt 0:02:49]} 35. Bxg7 {[%emt 0:00:18]} Nf7 {[%emt 0:00:
50]} 36. Rb2 {[%emt 0:00:38]} e5 {[%emt 0:00:12]} 37. Bf8 {[%emt 0:00:20]} Kc7
{[%emt 0:01:16]} 38. Bc5 {[%emt 0:00:23]} a6 {[%emt 0:00:27]} 39. Bb6+ {
[%emt 0:00:20]} Kc6 {[%emt 0:00:35]} 40. Kf2 {[%emt 0:00:59]} Nd6 {[%emt 0:00:
39]} 41. g4 {[%emt 0:12:14]} fxg4 {[%emt 0:04:54]} 42. fxg4 {[%emt 0:00:20]}
Rxg4 {[%emt 0:00:11]} 43. Be3 {[%emt 0:00:08]} Nf5 {[%emt 0:01:08]} 44. Rb6+ {
[%emt 0:10:09]} Kd5 {[%emt 0:04:11]} 45. Bc1 {[%emt 0:03:12]} Ra4 {[%emt 0:01:
27]} 46. a3 {[%emt 0:00:02]} h5 {[%emt 0:01:27]} 47. Rb8 {[%emt 0:02:24]} Ra5 {
[%emt 0:08:14]} 48. Rd8+ {[%emt 0:00:27]} Ke6 {[%emt 0:01:08]} 49. Rc8 {
[%emt 0:02:59]} Rd5 {[%emt 0:02:58]} 50. Rc3 {[%emt 0:01:27]} Nd4 {[%emt 0:00:
35]} 51. Ke3 {[%emt 0:03:08]} Kf5 {[%emt 0:00:40]} 52. Rc8 {[%emt 0:00:53]} Ne6
{[%emt 0:00:42]} 53. Ke2 {[%emt 0:04:11]} Rc5 {[%emt 0:02:47]} 54. Rxc5 {
[%emt 0:00:09]} Nxc5 {[%emt 0:00:03]} 55. Be3 {[%emt 0:01:40]} Ne6 {[%emt 0:00:
02]} 56. Kf3 {[%emt 0:01:08]} Nc7 {[%emt 0:01:18]} 57. Kg3 {[%emt 0:00:29]} Nb5
{[%emt 0:01:53]} 58. Bc5 {[%emt 0:00:47]} Nc3 {[%emt 0:00:21]} 59. Kh4 {
[%emt 0:00:17]} Na4 {[%emt 0:00:30]} 60. Ba7 {[%emt 0:03:58]} Nb2 {[%emt 0:05:
34]} 61. Kxh5 {[%emt 0:00:02]} Nxd3 {[%emt 0:00:08]} 62. g4+ {[%emt 0:00:07]}
Ke6 {[%emt 0:00:59]} 63. Kh6 {[%emt 0:00:57]} e4 {[%emt 0:00:30]} 64. g5 {
[%emt 0:00:09]} Ne5 {[%emt 0:00:09]} 65. g6 {[%emt 0:00:51]} Nxg6 {[%emt 0:00:
45]} 66. Kxg6 {[%emt 0:00:05]} e3 {[%emt 0:00:06]} 67. Bxe3 {[%emt 0:00:05]} a5
{[%emt 0:00:10]} 68. a4 {[%emt 0:00:03]} Kd5 {[%emt 0:00:10]} 69. Bb6 {[%emt 0:
00:07]} Kc4 {[%emt 0:00:04]} 70. Bxa5 {[%emt 0:00:05]} Kb3 {[%emt 0:00:04]} 71.
Bb6 {[%emt 0:00:04]} Kxa4 {[%emt 0:00:05]} 1/2-1/2

[Event "3eme tournoi de MI de JUVISY"]
[Site "Juvisy/Orge, France"]
[Date "2019.06.30"]
[Round "2.3"]
[White "GEVORGYAN, David Sh"]
[Black "HARUTYUNYAN, Ruben"]
[Result "1/2-1/2"]
[WhiteElo "2321"]
[BlackElo "2316"]
[PlyCount "107"]
[EventDate "2019.??.??"]
[WhiteTeam "Club 608"]
[BlackTeam "Clichy-Echecs-92"]
[TimeControl "6600+1390"]
[WhiteClock "0:00:59"]
[BlackClock "0:03:46"]

1. d4 {[%emt 0:00:02]} Nf6 {[%emt 0:00:02]} 2. c4 {[%emt 0:00:12]} e6 {[%emt 0:
00:03]} 3. Nc3 {[%emt 0:00:16]} Bb4 {[%emt 0:00:04]} 4. e3 {[%emt 0:00:25]} O-O
{[%emt 0:00:05]} 5. Bd3 {[%emt 0:00:25]} d5 {[%emt 0:00:10]} 6. a3 Bxc3+ {
[%emt 0:01:56]} 7. bxc3 {[%emt 0:00:12]} dxc4 {[%emt 0:01:02]} 8. Bxc4 {[%emt
0:00:27]} c5 {[%emt 0:00:03]} 9. Ne2 {[%emt 0:00:06]} Qc7 {[%emt 0:00:36]} 10.
Bd3 {[%emt 0:00:06]} b6 {[%emt 0:02:37]} 11. O-O {[%emt 0:01:12]} Ba6 {[%emt 0:
01:10]} 12. Bxa6 {[%emt 0:00:06]} Nxa6 {[%emt 0:00:04]} 13. Qd3 {[%emt 0:12:17]
} Nb8 {[%emt 0:04:52]} 14. e4 {[%emt 0:05:09]} Nc6 {[%emt 0:23:39]} 15. Bg5 {
[%emt 0:13:04]} Nd7 {[%emt 0:03:54]} 16. f4 {[%emt 0:18:17]} f5 {[%emt 0:18:59]
} 17. Qc4 {[%emt 0:11:37]} Kh8 {[%emt 0:06:43]} 18. exf5 {[%emt 0:07:03]} exf5
{[%emt 0:03:17]} 19. d5 {[%emt 0:00:16]} Na5 {[%emt 0:04:19]} 20. Qd3 {[%emt 0:
01:25]} c4 {[%emt 0:03:05]} 21. Qf3 {[%emt 0:00:24]} Nb3 {[%emt 0:07:15]} 22.
Rad1 {[%emt 0:00:05]} Qd6 {[%emt 0:13:53]} 23. g4 {[%emt 0:05:48]} Qxa3 {[%emt
0:11:13]} 24. gxf5 {[%emt 0:09:45]} Qc5+ {[%emt 0:01:31]} 25. Kh1 {[%emt 0:02:
18]} Rae8 {[%emt 0:01:07]} 26. Ng3 {[%emt 0:08:33]} Re3 {[%emt 0:02:49]} 27.
Qg2 {[%emt 0:00:22]} Rfe8 {[%emt 0:00:20]} 28. d6 {[%emt 0:00:30]} Rd3 {[%emt
0:00:38]} 29. Be7 {[%emt 0:00:26]} Rxd1 {[%emt 0:00:23]} 30. Rxd1 {[%emt 0:00:
04]} Rg8 {[%emt 0:00:41]} 31. Qe4 {[%emt 0:09:46]} Qc8 {[%emt 0:00:27]} 32. Kg1
{[%emt 0:01:18]} Qa8 {[%emt 0:00:36]} 33. Qxc4 {[%emt 0:00:45]} Nbc5 {[%emt 0:
00:13]} 34. Rd5 {[%emt 0:01:25]} a5 {[%emt 0:00:45]} 35. f6 {[%emt 0:01:40]}
Nxf6 {[%emt 0:00:17]} 36. Bxf6 {[%emt 0:00:06]} gxf6 {[%emt 0:00:08]} 37. Qd4 {
[%emt 0:00:23]} Qd8 {[%emt 0:00:26]} 38. Kf1 {[%emt 0:00:46]} a4 {[%emt 0:01:
01]} 39. Nh5 {[%emt 0:00:28]} Nd7 {[%emt 0:00:43]} 40. Qxa4 {[%emt 0:00:48]}
Qe8 {[%emt 0:00:22]} 41. Qd4 {[%emt 0:23:11]} Qg6 {[%emt 0:08:30]} 42. Rg5 {
[%emt 0:05:34]} Qb1+ {[%emt 0:01:57]} 43. Kg2 {[%emt 0:00:44]} Qc2+ {[%emt 0:
08:47]} 44. Kg3 {[%emt 0:02:29]} Rc8 {[%emt 0:05:34]} 45. Nxf6 {[%emt 0:06:14]}
Qxc3+ {[%emt 0:00:30]} 46. Qxc3 {[%emt 0:00:04]} Rxc3+ {[%emt 0:00:03]} 47. Kg4
{[%emt 0:00:05]} Nxf6+ {[%emt 0:00:06]} 48. Kf5 {[%emt 0:00:03]} Nd7 {[%emt 0:
02:51]} 49. Ke6 {[%emt 0:00:15]} h6 {[%emt 0:06:41]} 50. Rg3 {[%emt 0:04:57]}
Nc5+ {[%emt 0:02:28]} 51. Kf7 {[%emt 0:01:43]} Rc4 {[%emt 0:05:49]} 52. Rg8+ {
[%emt 0:00:47]} Kh7 {[%emt 0:00:05]} 53. Rg7+ {[%emt 0:00:03]} Kh8 {[%emt 0:00:
03]} 54. Rg8+ {[%emt 0:00:11] Rd4 [%emt 00:00:28]} 1/2-1/2

[Event "3eme tournoi de MI de JUVISY"]
[Site "Juvisy/Orge, France"]
[Date "2019.07.02"]
[Round "4.2"]
[White "Delorme, Alban"]
[Black "Belkhodja, Slim"]
[Result "1/2-1/2"]
[WhiteElo "2327"]
[BlackElo "2416"]
[PlyCount "24"]
[EventDate "2019.??.??"]
[WhiteTeam "Echecs 16"]
[BlackTeam "J.E.E.N"]
[TimeControl "5400+55"]
[WhiteClock "1:27:45"]
[BlackClock "1:27:31"]

1. e4 {[%emt 0:28:55]} c5 {[%emt 0:00:21]} 2. Nf3 {[%emt 0:00:39]} Nc6 {[%emt
0:00:56]} 3. d4 {[%emt 0:00:22]} cxd4 {[%emt 0:00:08]} 4. Nxd4 {[%emt 0:00:11]}
e5 {[%emt 0:00:29]} 5. Nb5 {[%emt 0:00:16]} Nf6 {[%emt 0:00:07]} 6. Bg5 {[%emt
0:01:24]} d6 {[%emt 0:01:13]} 7. N1c3 {[%emt 0:00:07]} a6 {[%emt 0:00:25]} 8.
Na3 {[%emt 0:00:08]} b5 {[%emt 0:00:12]} 9. Nd5 {[%emt 0:00:25]} Qa5+ {[%emt 0:
00:23]} 10. Bd2 {[%emt 0:00:14]} Qd8 {[%emt 0:00:10]} 11. Bg5 {[%emt 0:00:13]}
Qa5+ {[%emt 0:00:08]} 12. Bd2 {[%emt 0:00:08]} Qd8 {[%emt 0:00:06]} 1/2-1/2

[Event "3eme tournoi de MI de JUVISY"]
[Site "Juvisy/Orge, France"]
[Date "2019.07.02"]
[Round "4.3"]
[White "Gevorgyan, David"]
[Black "Mouhamad, Joachin"]
[Result "1/2-1/2"]
[WhiteElo "2321"]
[BlackElo "2302"]
[PlyCount "96"]
[EventDate "2019.??.??"]
[WhiteTeam "Club 608 d'Echecs Paris"]
[BlackTeam "Clichy-Echecs-92"]
[TimeControl "6600+2115"]
[WhiteClock "0:04:01"]
[BlackClock "0:13:01"]

1. d4 {[%emt 0:00:03]} Nf6 {[%emt 0:00:13]} 2. c4 {[%emt 0:00:05]} g6 {[%emt 0:
00:23]} 3. Nc3 {[%emt 0:00:05]} d5 {[%emt 0:00:07]} 4. cxd5 {[%emt 0:02:53]}
Nxd5 {[%emt 0:00:02]} 5. Bd2 {[%emt 0:01:01]} Bg7 6. e4 Nxc3 {[%emt 0:01:41]}
7. Bxc3 {[%emt 0:01:16]} O-O 8. Nf3 {[%emt 0:02:03]} c5 {[%emt 0:00:17]} 9. d5
{[%emt 0:03:12]} Bxc3+ {[%emt 0:00:04]} 10. bxc3 {[%emt 0:00:03]} Bg4 {[%emt 0:
00:12]} 11. Be2 {[%emt 0:02:26]} Bxf3 {[%emt 0:00:07]} 12. Bxf3 {[%emt 0:00:10]
} Nd7 {[%emt 0:00:42]} 13. O-O {[%emt 0:00:43]} Qc7 {[%emt 0:06:12]} 14. c4 {
[%emt 0:11:09]} Rad8 {[%emt 0:09:07]} 15. Qb3 {[%emt 0:06:15]} e5 {[%emt 0:10:
40]} 16. Rab1 {[%emt 0:00:34]} b6 {[%emt 0:01:13]} 17. Qd3 {[%emt 0:04:11]} Nf6
{[%emt 0:08:47]} 18. g3 {[%emt 0:09:40]} Ne8 {[%emt 0:00:02]} 19. Bg4 {[%emt 0:
23:06]} Nd6 {[%emt 0:00:33]} 20. f4 Qe7 {[%emt 0:16:33]} 21. Rbe1 Rfe8 {[%emt
0:14:13]} 22. f5 {[%emt 0:07:21]} Qg5 {[%emt 0:00:50]} 23. Qe2 {[%emt 0:02:15]}
h5 {[%emt 0:35:43]} 24. Bh3 {[%emt 0:00:13]} Rf8 {[%emt 0:02:10]} 25. Rf3 {
[%emt 0:04:16]} Qh6 {[%emt 0:00:55]} 26. f6 {[%emt 0:09:12]} Kh8 {[%emt 0:06:
54]} 27. Rf2 {[%emt 0:00:29]} Rg8 {[%emt 0:00:39]} 28. Bf1 {[%emt 0:05:47]} g5
{[%emt 0:00:27]} 29. Qb2 {[%emt 0:00:22]} Rde8 {[%emt 0:00:39]} 30. Qa3 {[%emt
0:00:17]} Ra8 {[%emt 0:08:06]} 31. Qc3 {[%emt 0:00:12]} Rae8 {[%emt 0:00:07]}
32. Bd3 {[%emt 0:01:17]} Rg6 {[%emt 0:00:34]} 33. Ref1 {[%emt 0:00:11]} g4 {
[%emt 0:00:39]} 34. Qe1 {[%emt 0:00:20]} Qg5 {[%emt 0:00:49]} 35. Qe2 {[%emt 0:
00:32]} Rh6 {[%emt 0:00:52]} 36. Bc2 {[%emt 0:01:04]} Rg8 {[%emt 0:00:38]} 37.
Ba4 {[%emt 0:00:39]} Rgg6 {[%emt 0:00:19]} 38. Bd7 {[%emt 0:00:19]} Rxf6 {
[%emt 0:00:11]} 39. Bf5 {[%emt 0:00:14]} Kg7 {[%emt 0:02:19]} 40. Kg2 {[%emt 0:
00:44]} Rh8 {[%emt 0:00:32]} 41. h4 {[%emt 0:29:32]} Qh6 {[%emt 0:03:59]} 42.
a4 {[%emt 0:02:37]} Rb8 {[%emt 0:00:22]} 43. Qd3 {[%emt 0:00:48]} Re8 {[%emt 0:
03:19]} 44. Qc3 {[%emt 0:02:38]} Re7 {[%emt 0:02:45]} 45. Kh2 {[%emt 0:03:19]}
Nb7 {[%emt 0:17:34]} 46. Kg2 {[%emt 0:01:41]} Nd6 {[%emt 0:03:04]} 47. Kh2 {
[%emt 0:00:04]} Re8 {[%emt 0:00:33]} 48. Kg2 {[%emt 0:00:04]} Re7 {[%emt 0:02:
39]} 1/2-1/2

[Event "3eme tournoi de MI de JUVISY"]
[Site "Juvisy/Orge, France"]
[Date "2019.07.02"]
[Round "4.4"]
[White "Bon, Michael"]
[Black "Nguyen, Vincent"]
[Result "1-0"]
[WhiteElo "2400"]
[BlackElo "2315"]
[PlyCount "49"]
[EventDate "2019.??.??"]
[WhiteTeam "Club du Canal St-Martin Paris"]
[BlackTeam "La tour de Juvisy"]
[TimeControl "6600+2000"]
[WhiteClock "0:05:55"]
[BlackClock "0:16:52"]

1. e4 {[%emt 0:00:03]} e6 {[%emt 0:00:04]} 2. d4 {[%emt 0:00:08]} d5 {[%emt 0:
00:04]} 3. exd5 {[%emt 0:00:23]} exd5 {[%emt 0:00:05]} 4. Nf3 {[%emt 0:00:05]}
Bf5 {[%emt 0:01:22]} 5. c4 {[%emt 0:04:45]} Nc6 {[%emt 0:03:25]} 6. cxd5 {
[%emt 0:11:23]} Qxd5 {[%emt 0:33:46]} 7. Nc3 {[%emt 0:01:25]} Bb4 {[%emt 0:01:
19]} 8. Bd2 {[%emt 0:10:09]} Qe6+ {[%emt 0:04:58]} 9. Be2 {[%emt 0:30:02]} Nf6
{[%emt 0:06:32]} 10. O-O {[%emt 0:07:31]} O-O-O {[%emt 0:08:38]} 11. Be3 {
[%emt 0:05:59]} h6 {[%emt 0:15:02]} 12. Qa4 {[%emt 0:01:13]} Nd5 {[%emt 0:06:
21]} 13. Nxd5 {[%emt 0:03:04]} Qxd5 {[%emt 0:00:06]} 14. Rac1 {[%emt 0:00:12]}
Bd6 {[%emt 0:00:57]} 15. b4 {[%emt 0:14:14]} Be4 {[%emt 0:01:40]} 16. b5 {
[%emt 0:01:05]} Nb8 {[%emt 0:00:09]} 17. Qxa7 {[%emt 0:01:56]} Qh5 {[%emt 0:02:
28]} 18. Rfe1 {[%emt 0:02:18]} f5 {[%emt 0:03:43]} 19. Ne5 {[%emt 0:03:05]} Qh4
{[%emt 0:00:51]} 20. f4 {[%emt 0:00:06]} Qf6 {[%emt 0:00:25]} 21. Nc4 {[%emt 0:
06:07]} Kd7 {[%emt 0:00:21]} 22. d5 {[%emt 0:00:41]} g5 {[%emt 0:01:16]} 23.
Bd4 {[%emt 0:00:36]} Qf8 {[%emt 0:01:07]} 24. Nxd6 {[%emt 0:00:31]} cxd6 {
[%emt 0:00:56]} 25. Qxb7+ {[%emt 0:00:09]} 1-0

[Event "3eme tournoi de MI de JUVISY"]
[Site "Juvisy/Orge, France"]
[Date "2019.07.03"]
[Round "5.1"]
[White "HARUTYUNYAN, Ruben"]
[Black "ONKOUD, Abdelaziz"]
[Result "1-0"]
[WhiteElo "2316"]
[BlackElo "2328"]
[PlyCount "33"]
[EventDate "2019.??.??"]
[WhiteTeam "Clichy-Echecs 92"]
[BlackTeam "Livry-gargan"]
[TimeControl "6600+1570"]
[WhiteClock "0:28:06"]
[BlackClock "1:07:58"]

1. e4 {[%emt 0:00:02]} d6 {[%emt 0:00:55]} 2. d4 {[%emt 0:00:07]} Nf6 {[%emt 0:
00:05]} 3. Nc3 {[%emt 0:00:05]} c6 {[%emt 0:00:38]} 4. f4 {[%emt 0:00:04]} Qa5
{[%emt 0:00:19]} 5. Bd3 {[%emt 0:00:06]} e5 {[%emt 0:00:17]} 6. Nf3 {[%emt 0:
00:07]} exd4 {[%emt 0:00:48]} 7. Nxd4 {[%emt 0:00:07]} g6 {[%emt 0:00:05]} 8.
O-O {[%emt 0:00:12]} Bg7 {[%emt 0:01:51]} 9. Kh1 {[%emt 0:00:05]} O-O {[%emt 0:
00:21]} 10. f5 {[%emt 0:00:11]} Nbd7 {[%emt 0:02:02]} 11. Qe1 {[%emt 0:00:07]}
Re8 {[%emt 0:05:34]} 12. Qh4 {[%emt 0:01:11]} d5 {[%emt 0:00:56]} 13. fxg6 {
[%emt 0:26:41]} hxg6 {[%emt 0:00:59]} 14. Bh6 {[%emt 0:11:20]} dxe4 {[%emt 0:
06:52]} 15. Nf5 {[%emt 0:21:00]} Bh8 {[%emt 0:04:11]} 16. Nxe4 {[%emt 0:08:41]}
Re5 {[%emt 0:14:35]} 17. Bd2 {[%emt 0:10:50]} 1-0

[ePGN "0.1;DGT LiveChess/2.2.4"]

[Event "3eme tournoi de MI de JUVISY"]
[Site "Juvisy/Orge, France"]
[Date "2019.07.03"]
[Round "5.2"]
[White "NGUYEN, Vincent"]
[Black "LAZO, Andrei"]
[Result "1-0"]
[WhiteElo "2315"]
[BlackElo "2279"]
[PlyCount "33"]
[EventDate "2019.??.??"]
[TimeControl "6600+2010"]
[WhiteClock "0:37:47"]
[BlackClock "0:50:56"]

1. e4 {[%emt 0:24:16]} e6 {[%emt 0:00:06]} 2. d4 {[%emt 0:00:05]} d5 {[%emt 0:
00:04]} 3. Nd2 {[%emt 0:00:03]} c5 {[%emt 0:00:08]} 4. Ngf3 {[%emt 0:00:21]}
cxd4 {[%emt 0:00:10]} 5. Nxd4 {[%emt 0:00:05]} Nc6 {[%emt 0:00:13]} 6. Nxc6 {
[%emt 0:00:06]} bxc6 {[%emt 0:00:05]} 7. Bd3 {[%emt 0:00:03]} Nf6 {[%emt 0:00:
53]} 8. O-O {[%emt 0:00:25]} Qc7 {[%emt 0:01:17]} 9. f4 {[%emt 0:20:58]} dxe4 {
[%emt 0:33:55]} 10. Nxe4 {[%emt 0:01:12]} Nxe4 {[%emt 0:00:23]} 11. Bxe4 {
[%emt 0:00:04]} Ba6 {[%emt 0:00:24]} 12. Rf3 {[%emt 0:02:30]} Bc5+ {[%emt 0:03:
00]} 13. Kh1 {[%emt 0:03:47]} Rd8 {[%emt 0:01:44]} 14. Qe1 {[%emt 0:03:42]} O-O
{[%emt 0:04:18]} 15. Bd2 {[%emt 0:02:50]} Qd6 {[%emt 0:04:21]} 16. Ba5 {[%emt
0:07:06]} Rd7 {[%emt 0:06:29]} 17. Qh4 {[%emt 0:03:40]} 1-0

[Event "3eme tournoi de MI de JUVISY"]
[Site "?"]
[Date "2019.07.03"]
[Round "5.5"]
[White "MSELLEK, Ilyass"]
[Black "DELORME, Alban"]
[Result "1/2-1/2"]
[WhiteElo "2236"]
[BlackElo "2327"]
[PlyCount "71"]
[EventDate "2019.??.??"]
[WhiteTeam "Tremblay-en-France"]
[BlackTeam "Echecs 16"]

1. e4 c5 2. Nf3 Nf6 3. e5 Nd5 4. Nc3 Nxc3 5. dxc3 Nc6 6. Bf4 e6 7. h4 h6 8. h5
Be7 9. Qd2 Qc7 10. O-O-O b6 11. Bd3 Bb7 12. Be4 O-O-O 13. c4 Na5 14. Bxb7+ Nxb7
15. Qc3 Rhg8 16. g3 Qc6 17. Rhe1 g5 18. hxg6 fxg6 19. Bxh6 g5 20. Qe3 Qa4 21.
Kb1 Na5 22. b3 Qa3 23. Qe4 Kc7 24. Nh2 a6 25. Ng4 b5 26. cxb5 axb5 27. Nf6 Nc4
28. bxc4 bxc4 29. Ka1 d5 30. exd6+ Rxd6 31. Nxg8 Qc3+ 32. Kb1 Qb4+ 33. Ka1 Qc3+
34. Kb1 Qb4+ 35. Ka1 Bf6+ 36. Nxf6 1/2-1/2

[ePGN "0.1;DGT LiveChess/2.2.4"]

[Event "3eme tournoi de MI de JUVISY"]
[Site "Juvisy/Orge, France"]
[Date "2019.07.03"]
[Round "5.4"]
[White "BELKHODJA, Slim"]
[Black "GEVORGYAN, David Sh"]
[Result "1/2-1/2"]
[WhiteElo "2416"]
[BlackElo "2321"]
[PlyCount "34"]
[EventDate "2019.??.??"]
[TimeControl "6600+1110"]
[WhiteClock "0:53:50"]
[BlackClock "0:40:57"]

1. b3 {[%emt 0:00:48]} d5 {[%emt 0:01:15]} 2. Bb2 {[%emt 0:01:15]} c5 {[%emt 0:
00:27]} 3. e3 {[%emt 0:02:33]} e6 {[%emt 0:02:40]} 4. Nf3 {[%emt 0:05:24]} Nf6
{[%emt 0:00:26]} 5. c4 {[%emt 0:04:28]} Be7 {[%emt 0:06:42]} 6. cxd5 {[%emt 0:
00:59]} Qxd5 {[%emt 0:00:55]} 7. Be2 {[%emt 0:04:51]} O-O {[%emt 0:01:00]} 8.
O-O {[%emt 0:00:49]} Nc6 {[%emt 0:00:25]} 9. d3 {[%emt 0:05:37]} b6 {[%emt 0:
02:01]} 10. Nbd2 {[%emt 0:00:53]} Bb7 {[%emt 0:00:30]} 11. a3 {[%emt 0:00:41]}
Rfd8 {[%emt 0:11:37]} 12. Qc2 {[%emt 0:01:13]} Rac8 {[%emt 0:00:48]} 13. Rad1 {
[%emt 0:00:49]} Qd7 {[%emt 0:18:56]} 14. Qb1 {[%emt 0:04:44]} Nd5 {[%emt 0:06:
03]} 15. Rfe1 {[%emt 0:10:23]} Bf6 {[%emt 0:08:11]} 16. Bxf6 {[%emt 0:01:07]}
Nxf6 {[%emt 0:00:11]} 17. Qb2 {[%emt 0:08:32]} Qe7 {[%emt 0:05:57]} 1/2-1/2

[ePGN "0.1;DGT LiveChess/2.2.4"]

[Event "3eme tournoi de MI de JUVISY"]
[Site "Juvisy/Orge, France"]
[Date "2019.07.03"]
[Round "5.3"]
[White "MOUHAMAD, Joachim"]
[Black "BON, Michael"]
[Result "0-1"]
[WhiteElo "2302"]
[BlackElo "2400"]
[PlyCount "32"]
[EventDate "2019.??.??"]
[TimeControl "6600+1310"]
[WhiteClock "0:40:42"]
[BlackClock "0:51:57"]

1. e4 {[%emt 0:02:06]} c5 {[%emt 0:00:07]} 2. Nf3 d6 {[%emt 0:00:39]} 3. d4 {
[%emt 0:00:07]} cxd4 {[%emt 0:00:04]} 4. Nxd4 {[%emt 0:00:03]} Nf6 {[%emt 0:00:
05]} 5. Nc3 {[%emt 0:00:07]} Nc6 {[%emt 0:01:20]} 6. Bg5 {[%emt 0:00:15]} e6 {
[%emt 0:01:51]} 7. Qd2 {[%emt 0:00:31]} a6 {[%emt 0:02:17]} 8. O-O-O {[%emt 0:
00:34]} h6 {[%emt 0:02:07]} 9. Be3 {[%emt 0:03:02]} Qc7 {[%emt 0:02:26]} 10. f3
{[%emt 0:04:23]} Be7 {[%emt 0:08:34]} 11. g4 {[%emt 0:00:44]} Nd7 {[%emt 0:09:
43]} 12. f4 {[%emt 0:12:34]} b5 {[%emt 0:05:40]} 13. Nxc6 {[%emt 0:22:17]} Qxc6
{[%emt 0:03:32]} 14. Bg2 {[%emt 0:01:28]} Bb7 {[%emt 0:00:35]} 15. Rhe1 {[%emt
0:10:39]} Rg8 {[%emt 0:15:32]} 16. Kb1 {[%emt 0:08:23]} g5 {[%emt 0:02:33]} 0-1

[Event "3eme tournoi de MI de JUVISY"]
[Site "Juvisy/Orge, France"]
[Date "2019.07.04"]
[Round "6.1"]
[White "ONKOUD, Abdelaziz"]
[Black "DELORME, Alban"]
[Result "1/2-1/2"]
[WhiteElo "2328"]
[BlackElo "2327"]
[PlyCount "23"]
[EventDate "2019.??.??"]
[WhiteTeam "Livry-Gargan"]
[BlackTeam "Echecs 16"]

1. Nf3 d5 2. c4 e6 3. d4 Nf6 4. Nc3 Be7 5. cxd5 exd5 6. Bg5 Nbd7 7. e3 O-O 8.
Bd3 c6 9. Qc2 Re8 10. O-O h6 11. Bh4 Ne4 12. Bxe7 1/2-1/2

[Event "3eme tournoi de MI de JUVISY"]
[Site "Juvisy/Orge, France"]
[Date "2019.07.04"]
[Round "6.2"]
[White "GEVORGYAN, David Sh"]
[Black "MSELLEK, Ilyass"]
[Result "1/2-1/2"]
[WhiteElo "2321"]
[BlackElo "2239"]
[PlyCount "23"]
[EventDate "2019.??.??"]
[WhiteTeam "Club 608"]
[BlackTeam "Tremblay-en-France"]

1. d4 Nf6 2. c4 e6 3. Nf3 d5 4. Nc3 Bb4 5. Qa4+ Nc6 6. e3 O-O 7. Bd2 Re8 8. Be2
dxc4 9. Bxc4 Nd5 10. Bb5 Bd7 11. Nxd5 Bxd2+ 12. Nxd2 1/2-1/2